[Event "North Wales Congress Major"]
[Site "Llandudno"]
[Date "2019.06.22"]
[Round "3.36"]
[White "Francis, Matthew"]
[Black "Szwajkun, Richard"]
[Result "0-1"]
[WhiteElo "1697"]
[BlackElo "1574"]
[Annotator "kemen"]
[PlyCount "82"]
[EventDate "2019.??.??"]

{[%evp 0,82,36,36,28,28,49,70,80,63,95,83,103,58,66,84,70,70,77,55,49,46,70,57,
79,9,21,17,63,31,58,35,68,34,50,-2,3,16,41,21,21,29,27,-1,26,-35,-74,-85,-102,
-124,-30,-112,-108,-149,-91,-85,-100,-203,-207,-233,-212,-212,-212,-301,-313,
-336,-346,-361,-383,-557,-611,-835,-354,-29993,-29982,-29987,-909,-29985,-421,
-421,-364,-29985,-1639,-29997,-29998]} 1. e4 d5 2. exd5 Qxd5 3. Nf3 (3. Nc3 {
main}) 3... Bg4 (3... Nf6) 4. Be2 c6 (4... Nc6 {main, to 0-0-0 quickly}) (4...
Nf6) 5. d4 Nf6 6. c4 (6. O-O {prevents Bl's reply to the text}) 6... Qa5+ 7.
Bd2 (7. Nc3 {main}) 7... Qc7 {Bl doesn't mind having the Q on c7, but the B on
d2 needs to move again} 8. O-O (8. Nc3 e6 9. O-O {main}) 8... e6 9. Ne5 Bxe2 (
9... Bf5 10. Nc3 Nbd7 11. f4 Be7 12. Be3 O-O 13. h3 (13. g4) 13... h6 14. g4
Bh7 15. Bd3 Bxd3 16. Qxd3 Nh7 17. Rf3 Rad8 $11 {Stadler-Wolff, Stuttgart ch,
Ditzingen2009,1/2-1/2}) 10. Qxe2 Bd6 11. f4 O-O 12. Bc3 (12. Nc3 $16 {Komodo13}
) 12... Nbd7 $14 13. Nd2 Rfe8 {Bl needs to keep an eye on f7} (13... c5 $14 {
counters in the centre}) 14. Ndf3 h6 15. g4 Nh7 (15... c5 {a centre
counterthrust is usually the best response to a side attack}) 16. g5 {a little
early, which leads to Bl being able to swap off several attacking pieces. This
can be prepared , almost at leisure} (16. Rad1 {Komodo13}) (16. h4 {Rudy}) (16.
Qg2 {Rudy & Julie}) 16... hxg5 17. Nxg5 (17. fxg5 {must be better, though it
looks like Bl holds quite comfortably, there is lots to be wary of because Wh
has that extra bit of space on the K side & more pieces to get there.} Bxe5 18.
dxe5 Ndf8 19. h4 Ng6 20. Qf2 Red8 21. h5 Ne7 22. Nh4 $1 {Komodo13} Nxg5 23. Qg2
Nh7 24. Kh1 Nf8 25. Rg1 g6 26. Raf1 $18 {and Komodohas found a way through} Rd7
27. Qg5 Qd8 28. Qh6 Rc7 29. Rf6 Qd3 30. Kh2 Rd8 31. Rg2 Qe4 32. hxg6 fxg6 33.
Rgf2 Nf5 34. Nxf5 gxf5 35. Rg2+ $18) 17... Nxg5 18. fxg5 Nxe5 19. dxe5 Bc5+ $11
{Wh no longer has Ns to probe & his B is currently blocked off} 20. Kh1 {looks
safer here, but} (20. Kg2 {might well be an idea, to be able to push the h
pawn.} Rad8 $11 21. g6 {is no real threat} fxg6 22. Qe4 Qd7 23. Qxg6 Rf8 24.
Rad1 Qe7 $11) 20... g6 {Bl decides to prevent any instabilty, but it does, as
any pawn move, especially on the side where one is under attack, leave some
space behind} 21. Rf6 {occupying the weakness & prepared for an exchange sac
looks the right kind of thing to do .} (21. Rf4 $16 {Komodo13; putting the R
on f3 , looked at by Julie & Rudy, is not as efficient in carrying out the
remainder of the attack.} Rad8 22. Raf1 Rd7 23. h4 Qd8 24. Rf6 Rf8 25. h5 Be7
26. Qg4 Bxf6 27. gxf6 c5 28. Qg5 Kh7 29. Kg2 Qc7 30. hxg6+ fxg6 31. Rh1+ Kg8
32. Qxg6+ Rg7 33. fxg7 Qxg7 34. Rh6 $18) (21. h4 {Julie, when an attempt by Bl
to exploit the position of the K on h1 backfires} Kg7 (21... b5 {Komodo13} 22.
h5 b4 23. Be1 Rad8 24. Bg3 Qb7 25. Rae1 Rf8 (25... Be7 26. Qe4 Bxg5 27. Rg1 Re7
(27... Qe7 28. hxg6 f5 29. exf6 Bxf6 30. Rgf1 Rd4 31. Qf3 Rf8 32. Qxc6 $16 {
Komodo13}) 28. Bf2 Bd2 29. Re2 c5 30. Bxc5 $18)) (21... Kf8 22. Rf4 {and the K
has to scuttle back, since} Ke7 23. Qf3 Rf8 24. b4 {loses a piece as an intial
response} (24. Rf1 Ke8 25. b4 {is the same as} Be7 26. Rxf7 $18 {is too
powerful})) 22. h5 (22. Kg2 Rh8) 22... Rh8 (22... gxh5 23. b4 {Komodo13} (23.
Rf6 Rad8 24. Raf1 Rd7 {Julie & Rudy, when just about everything wins} 25. Qxh5
(25. Rh6 $18) (25. Qf3 $18) (25. b4 $18) 25... Rh8 26. Rh6) 23... Bb6 (23...
Be7 24. Rxf7+ Kxf7 25. Qxh5+ Kg8 26. Qg6+ Kf8 27. Qh6+ Kg8 28. Qxe6+ Kg7 29.
Qh6+ Kg8 30. e6 {mating}) 24. c5 $18) 23. h6+ Kg8 24. Rad1 Rd8 25. Qf3 Rxd1 26.
Rxd1 Qe7 27. Qf4 Kh7 28. Qf6 Rg8 {and Bl has to sit and wait while Wh invades-
all endgames are lost because of the protected passed pawn on h6}) 21... b5 {
Komodo13, which initially considers =} 22. b4 {Wh wanted to block the B out of
the game, & avoid any checks on the long diagonal} (22. cxb5 cxb5 23. Qxb5 Be7
24. Rf3 Bxg5 $11 {is what Komodo13 initially decided was the sense of the game.
After a bit longer consideration it worked out the correct longterm plan .}) (
22. Raf1 $18 {Suggestion by Rudy in pm analysis. The Q side doesn't matter as
Wh must break through on the K side ( Bl is playing 2 Rs down in effect)} Qd8 (
22... b4 23. Rxf7 Re7 (23... Qxf7 24. Rxf7 Kxf7 25. Qf3+ Kg8 26. Be1 Be7 27.
Qxc6 Bxg5 28. Qg2 $18 {& the Rs are , as usual, hopeless defenders}) 24. Rxe7
Qxe7 (24... Bxe7 25. Qd3 Kg7 26. Qh3 Bxg5 27. Bxb4 c5 28. Qg2 Rd8 29. Be1 Be7
30. Rg1 g5 31. Bd2 $18) 25. Rf6 Qe8 26. Qe4 bxc3 27. Rxg6+ Kf7 28. Rh6 Ke7 29.
Qd3 cxb2 30. Rh7+ Kf8 31. g6 Kg8 32. g7 $18) 23. h4 bxc4 24. Rd1 Qc7 25. h5 Be7
26. Rg1 $1 $18 {Komodo13 knows how to do it when underway.}) 22... Be7 23. c5 {
there are a number of alternatives here that Komodo13 initially judges as =} (
23. Qf3 Bxf6 24. gxf6 Rec8 25. Qf4 Qd8 26. Bd4 (26. Rg1 bxc4 27. Qh6 Qd5+ (
27... Qf8 28. Rxg6+ fxg6 29. Qxg6+ Kh8 30. Qh5+ $11) 28. Rg2 Qd1+ 29. Rg1 Qd5+
$11) 26... Rc7 27. Bc5 Rd7 28. Qh6 Rd1+ 29. Bg1 Rxg1+ 30. Rxg1 Qf8 $11) (23.
Raf1 {logical, to bring the last piece in & play for the attack} Bxf6 (23...
Rf8 {which Komodo13 initially though was fine} 24. Qe4 Qd7 25. Rxg6+ fxg6 26.
Qxg6+ Kh8 27. Qh5+ Kg7 28. Rd1 $18 {as Komodo13 now sees}) 24. gxf6 Kf8 (24...
c5 {for a short while Komodo13 thought this was winning for Bl, before
realizing that after} 25. Qe3 $18 Qc6+ 26. Kg1 cxb4 27. Bxb4 Qxc4 28. Qh6 Qg4+
29. Kf2 Qf5+ 30. Kg3 Qxe5+ 31. Rf4 {and there is nothing better than giving up
the Q by} Qxf6) 25. Qe3 Red8 26. Qh6+ Ke8 27. Qg7 Kd7 28. Qxf7+ Kc8 29. Qxg6 (
29. Qxe6+ Qd7 30. Qd6 (30. Qxd7+ Kxd7 31. f7 (31. cxb5 cxb5 32. Kg2 $11) 31...
Ke6 $11) 30... Qxd6 (30... Kb7 31. Qxd7+ Rxd7 32. e6 $18) 31. exd6 bxc4 32. f7
Kd7 33. Bg7 Rf8 34. Kg2 Kxd6 35. Bxf8+ Rxf8 36. Kg3 Ke6 37. Rf4 Rxf7 38. Rxc4
Kd6 {and Bl manages to hold}) 29... Kb7 30. Qe4 a6 31. c5 {Komodo13 has
managed to get the K to escape, but admits the position is equal. In practical
chess the pawn on f6 will create a constant headache for Bl. Even the h pawn
advance could become a threat.}) 23... Bxf6 24. gxf6 {here Komodo13 does find
a defence for Bl, it considers other tries =} Rec8 (24... Kh7 $1 25. Rd1 Rad8
26. Rd6 Rh8 27. Qf3 Kg8 28. Qd3 Rxd6 29. cxd6 Qd7 30. Bd4 Kf8 31. Bxa7 Rh5 32.
Qe3 Qb7 33. Bc5 Ke8 34. Kg2 Kd7 {Winning according to Komodo as the Bl Q
painfully limbers up into an active position.Even so, it doesn't look as if
there will be a clearly forced win, & it is not apparent in Komodo13.s next 20
moves.} 35. a3 Qa8 36. h3) 25. Qe3 (25. Bd2 {Julie- the idea is to get the B
to g7 & then mate with Qh8. but it fails due to a tactic} Qd8 26. Bh6 Qd5+ 27.
Kg1 $2 Qd4+ 28. Kg2 Qxa1 29. Bg7 a5 {and the QR joins in the attack}) (25. Rd1
$1 {Komodo13,( & found by Julie & Rudy analyses), has some of the same
possibilities. & initially it prevents the Q getting to f8} Rd8 {other moves
lose} 26. Rd6 Rxd6 27. exd6 {this allows Bl a resource of e5 to get the Q out,}
(27. cxd6 {may be better, though it allows Bl a resource of c5 ( & a few other
fascinating possibilities)} Qc8 28. Bd4 (28. Qd2 Kh7 29. Qd4 (29. Bd4 Qh8 30.
Be3 (30. d7 Rd8 31. Bxa7 Kg8 32. Bb6 Qh3 33. Kg1 Qg4+ $11 {and the perpetual
saves Bl}) 30... Kg8 31. Bh6 Qh7 32. Kg2 Kh8 33. Bg7+ Kg8 34. d7 Rd8 35. Bf8
Kxf8 36. Qd6+ Kg8 37. Qe7 Qh5 38. Qxd8+ Kh7 39. Qe7 Qe2+ $11 {and its another
perpetual!}) 29... Qh8 30. d7 Rd8 31. Qxa7 g5 32. Qc7 Qg8 33. h3 (33. Qxc6 Qg6
$19) 33... Qg6 34. Qxd8 Qb1+ {perpetual- Komodo13}) (28. Bd2 Kf8 29. h4 Ke8 30.
h5 Qa6 (30... gxh5 31. Qxh5 c5 32. Qh7 cxb4 33. Qg8+ Kd7 34. Qxf7+ Kc6 $11) 31.
d7+ Kxd7 32. Qd3+ Kc8 33. hxg6 c5 34. Kg1 Kc7 35. Bh6 fxg6 36. f7 cxb4 37. Qd2
Qc6 38. Qxb4 Qc4 39. f8=Q Rxf8 40. Bxf8 Qxb4 41. Bxb4 Kc6 $11 {Wh has too few
pawns left, & one of them is the wrong R pawn}) 28... Kf8 29. h4 Ke8 30. h5 Kd7
31. hxg6 fxg6 32. Qh2 Qh8 33. Qxh8 Rxh8+ 34. Kg2 Rh5 35. a3 $11 {Komodo13})
27... Qd8 28. Qe4 Qd7 (28... Rc8 29. Qh4 $1 Qe8 30. Bd2 e5 31. Qh6 (31. d7 Qxd7
32. Qh6 Qd5+ 33. Kg1 Qd4+ 34. Kf1 $1 (34. Be3 Qg4+ {picks off the f pawn})
34... Qd3+ 35. Kg2 Qe4+ 36. Kg3 Qd3+ 37. Be3 $18 {as Bl is forced to take the B
}) 31... Qf8 32. Qh3 Qd8 33. Bh6 Qxf6 34. Qxc8+ $18) 29. Qh4 Qc8 30. Bd2 e5 {
just holds} 31. Qh6 (31. Bh6 Qf5 32. Kg2 a5 33. Bg7 Qh5 $19) 31... Qf8 32. Qh3
Qd8 33. Bg5 a5 34. d7 axb4 35. Qh6 Qf8 36. Qg7+ Qxg7 37. fxg7 Kxg7 38. d8=Q
Rxd8 39. Bxd8 f6 {and Bl has connected pawns which probably are enough
compensation for the piece.}) 25... Qd8 26. Be1 (26. Kg2 {Komodo13 suggestion,
initially considered =} Qd5+ 27. Kg1 Kf8 28. Qh6+ Ke8 29. Qh7 Rd8 30. Qg8+ Kd7
31. Qxf7+ Kc8 32. a4 bxa4 33. Qe7 Qd7 34. Qxd7+ Kxd7 35. Rxa4 a6 {this still
looks very unclear, though Komodo13 gives definite Bl plus}) (26. Kg1 Rc7 27.
Rf1 Rd7 28. Rf3 Qf8 29. Rh3 a5 30. bxa5 Rad8 31. Bb4 Rd1+ 32. Kg2 Ra1 $17) (26.
h4 Kh7 27. Kh2 Qf8 28. Bd2 Qh8 29. Rg1 Kg8 30. Qe4 Qh5 31. Rg5 Qh7 32. Kg3 Kh8
33. Be1 Rc7 {again definite plus for Bl by Komodo13 but Bl can scarely move
any of his pieces, while the Q seems stuck on h7 held by a R & K. And if she
later evacuates, then the Bl K comes under renewed fire. Most unclear,
especially if its practical play under time constraint .}) (26. Qh6 {Rudy in
pm analysis, to keep Q away from the d5 square} Qf8 27. Qh3 (27. Qe3 a5 {
Komodo13} 28. bxa5 Rd8 29. Rg1 Ra7 30. Rg4 Rd1+ 31. Kg2 b4 32. Bxb4 Rad7 33.
Be1 R7d3 34. Qe4 Qh6 35. h4 Kh7 $19 {Komodo13, but it feels like some kind of
random dance} 36. Bf2 R1d2 37. h5 Kg8 38. Qf4 Qxh5 39. Rh4 g5 40. Rxh5 gxf4 $19
) 27... a5 28. bxa5 (28. a3 Rd8) (28. Bd2 axb4 29. Bh6 Qxc5 30. Bg7 Qd5+ {
loses the R, this time with check} 31. Kg1 Qd4+ 32. Kg2 Qb2+ 33. Kg3 Ra3+ $19 {
even worse}) 28... Qxc5 29. Kg2 Rd8 30. Qh6 Qf8 31. Qxf8+ Kxf8 32. a4 Ke8 33.
axb5 cxb5 $19) 26... Qd5+ 27. Kg1 Kf8 {and the evacuation works out fine for Bl
} 28. Bf2 (28. a4 $5) 28... Ke8 29. Re1 Rd8 30. Qh6 Kd7 31. Re2 (31. Qh7 Rf8)
31... Qd1+ 32. Re1 Qg4+ 33. Kf1 Kc7 {the Bl K is safe; Wh's isn't} 34. a3 Rh8
35. Qg7 Raf8 (35... Rad8 36. Qxf7+ Rd7 $19 {Komodo13}) 36. Be3 Qh3+ 37. Ke2
Qxh2+ (37... Qg4+ 38. Kd3 Qc4+ 39. Kd2 Rxh2+ 40. Bf2 Rd8+ 41. Ke3 Rd3+ 42. Ke2
Qc2+ 43. Kf1 Qxf2#) 38. Kf1 (38. Kd1 Rd8+ 39. Kc1 Qa2 {mating}) 38... Rhg8 (
38... Qh1+ 39. Ke2 Rh2+ {mating}) 39. Qh6 Rh8 40. Qg7 Qh5 41. Bc1 Qf3+ 0-1

[Event "North Wales Congress Major"]
[Site "Llandudno"]
[Date "2019.06.22"]
[Round "3.37"]
[White "Hawthorne, Julian N"]
[Black "Sutcliffe, John"]
[Result "1-0"]
[WhiteElo "1344"]
[BlackElo "1653"]
[Annotator "kemen"]
[PlyCount "109"]
[EventDate "2019.??.??"]

{[%evp 0,109,19,31,14,23,29,29,29,27,63,60,94,80,84,88,72,58,52,-35,49,42,29,
29,34,10,-20,-2,-1,-8,-10,-16,-8,-6,-7,-30,36,-1,54,26,107,52,161,107,97,104,
101,92,261,220,213,177,166,156,160,126,324,337,335,339,341,353,353,352,366,338,
372,371,366,373,417,375,382,376,387,374,370,350,353,385,367,346,370,357,416,
381,387,409,441,534,585,607,600,620,626,638,649,507,545,574,563,585,592,497,
595,544,1025,1047,1055,1058,1058,1084]} 1. d4 Nf6 2. Bf4 e6 3. Nf3 d5 4. e3 g6
{usually it's either e6 or g6} 5. Nc3 c6 {a rather passive setup} 6. a3 {Since
the B will most likely go to g7, there is no need to avoid a pin} (6. Be2 Bg7
7. h4 O-O (7... Nbd7 8. Ne5 Qb6 (8... a6 9. h5 Ne4 10. Nxe4 dxe4 11. hxg6 hxg6
12. Rxh8+ Bxh8 13. f3 {Maurus-Neil, 4NCL U1825, Telford 2018} (13. Nc4 $18)) 9.
Na4 Qa5+ 10. c3 Nxe5 11. Bxe5 b5 12. Nc5 Qb6 13. Nd3 Ba6 14. h5 $18 {Park
Tamati-Ning, George Trundle Talents Auckland 2018,0-1}) 8. Ne5 Nbd7 9. h5 $16
gxh5 $2 10. Bxh5 (10. Bd3 $18) 10... Nxh5 11. Qxh5 Nf6 12. Qh3 $18 {
Pelegrino-Spano,Napoli Sociale ch 2015,1-0}) 6... Bg7 (6... Nh5 $5 $11) 7. Bd3
Nbd7 8. Bg5 O-O (8... Qc7 9. Bf4 Qd8 {Komodo13}) 9. Ne5 Qc7 (9... Qb6 10. Bf4
c5 $15 {Komodo13}) 10. Bf4 Nxe5 11. Bxe5 Qe7 12. Qf3 Nd7 13. Bxg7 Kxg7 14.
O-O-O e5 $11 15. Qg3 e4 16. Be2 Nf6 17. h4 b5 (17... h5 $15 {stops the attack
first; when b5 can follow , to exploit Wh's earlya3}) 18. h5 Bf5 (18... h6 $11
{Komodo13}) 19. hxg6 hxg6 (19... fxg6 $11 {is safer}) 20. Qg5 (20. Rh2 Rh8 21.
Rdh1 $14) 20... Ng8 21. Qg3 Nf6 22. Rh2 Rh8 23. Rdh1 Nh7 24. Qf4 (24. Bxb5 $18
{Komodo13} cxb5 25. Nxd5 Qb7 26. Rxh7+ Rxh7 27. Qe5+ f6 28. Rxh7+ Kxh7 29.
Nxf6+ Kg7 30. Ne8+ Kg8 31. g4 Bc8 32. Nd6 Qc6 33. Qf6 Qc7 34. Qxg6+ {but it's
a long way to calculate & evaluate}) 24... Rae8 25. Qh6+ Kg8 26. g4 Be6 27. g5
Qf8 {cuts off the K retreat, even though trying to swap Qs. Which happens, but
not in the way expected} (27... Qb7 28. f3 $16) 28. Qxh7+ $1 $18 Rxh7 29. Rxh7
Qg7 30. Rxg7+ Kxg7 31. Kd2 {Wh is just a piece up & it's a matter of
mobilizing the B} a6 32. Na2 Rc8 33. Nb4 a5 34. Na6 f5 35. gxf6+ Kxf6 36. Nc5
Bf5 37. Nb7 a4 38. Nd6 Rd8 39. Nxf5 Kxf5 40. Rh7 Rd6 41. Rf7+ Ke6 42. Rh7 Kf6
43. Bg4 Kg5 44. Bc8 Rf6 45. Ke2 c5 {otherwise the R & B gang up on it} 46. Rd7
cxd4 47. Rxd5+ Kh6 48. Rxd4 Rc6 49. Bb7 Rxc2+ 50. Rd2 Rc4 51. Kd1 (51. Bd5)
51... b4 52. Rc2 bxa3 53. Rxc4 axb2 54. Bxe4 a3 55. Ra4 1-0

[Event "North Wales Congress Major"]
[Site "Llandudno"]
[Date "2019.06.22"]
[Round "3.38"]
[White "Wells, Barrie"]
[Black "Davies, Huw"]
[Result "1-0"]
[WhiteElo "1281"]
[BlackElo "1642"]
[Annotator "kemen"]
[PlyCount "121"]
[EventDate "2019.??.??"]

{[%evp 0,121,19,31,19,-16,26,22,40,35,5,-17,12,11,8,-3,-20,-24,-23,-63,-43,-57,
-46,-40,-44,-68,-26,-20,-57,-84,-41,-82,-82,-194,-122,-134,77,77,77,113,211,
197,175,183,183,181,228,208,263,166,166,185,210,223,225,191,199,116,307,310,
571,332,214,231,240,263,263,221,229,206,206,220,243,230,243,253,253,240,247,
255,284,300,297,303,344,331,331,152,225,0,207,182,458,504,639,659,664,662,696,
702,819,316,334,299,287,291,291,294,364,361,404,408,422,443,29991,443,447,447,
448,453,596,462,515,401]} 1. d4 d5 2. c4 c6 3. Nf3 dxc4 4. e4 {a gambit line,
taking the centre} (4. e3) (4. a4) 4... b5 5. g3 {less common} (5. a4) 5... g6
$146 (5... Nf6 6. e5 {2-1}) 6. Bg2 Bg7 7. O-O Nf6 8. Re1 O-O $11 9. Nbd2 (9. a4
) (9. b3) 9... Bb7 (9... Na6 $15) (9... e5 $15) 10. e5 Nd5 11. Ne4 Na6 (11...
Nd7 12. e6 fxe6 13. Neg5 Nc7 14. Bf4 e5 15. Nxe5 Nxe5 16. Bxe5 Bxe5 17. Rxe5 {
Quinto -Monteleone, Rome 1995,0-1}) 12. a3 (12. a4 f5 13. Nc5 Nxc5 14. dxc5 Nb4
15. Nd4 Nd3 16. Ne6 Qc8 17. Nxf8 Nxe1 18. Nxg6 hxg6 19. Qxe1 $16 {Nina-Vera,
Nestor Roldan mem U18, Arequipa 2002,0-1}) 12... Rc8 (12... Bc8 $15) 13. Bh3
Rc7 14. Bg5 c5 $17 15. dxc5 Nxc5 16. Nd6 Bc6 17. Nd4 h6 $2 (17... Nd3 $19) 18.
Nxc6 $18 Rxc6 19. Qxd5 hxg5 20. Qxc6 exd6 21. exd6 Nd3 22. d7 Nxe1 23. Rxe1 Qb6
24. Qc8 (24. Qxb6 axb6 25. Re8 Bf6 26. Bg2 $18 {Komodo13}) 24... Bf6 25. Re8
Qd6 26. Qb7 a6 27. Bg2 Kg7 28. Bc6 (28. Qc6) 28... Qd1+ (28... Qd2 29. Bf3 Bd4
30. Re2 Qd3 31. Bg4 Bf6 32. Re8 Qb1+ 33. Kg2 Qxb2 34. Qb8 Qxa3 35. Qb6 c3 36.
Qxf6+ Kxf6 37. d8=Q+ $18 {Komodo13}) 29. Kg2 Qd2 30. Qxa6 $2 (30. Qc8 Qd6 31.
Qxa6 $18) 30... Qxb2 (30... Bd4 $19 {Komodo13} 31. Qxb5 Qxf2+ 32. Kh3 f5 33.
d8=Q g4+ 34. Kh4 Qxh2+ 35. Kg5 Qh6#) 31. Qxb5 Qxa3 32. Qxc4 $18 Qd6 33. Qe4 Bd8
34. Qe5+ Qxe5 35. Rxe5 Bf6 36. Re8 Bd8 37. Kf3 Bb6 38. Ke4 (38. h3) 38... f5+
39. Kd5 Kf7 40. Kd6 Kg7 41. Bd5 Ba5 42. Re7+ (42. Ke7 Bb4+ 43. Kd8 Ba5+ 44. Kc8
Rf6 45. Be6 $18 {Komodo13}) 42... Kh6 43. Rf7 Rb8 44. Ke7 Rb5 (44... Bb4+ 45.
Kf6 Rb6+ 46. Be6 (46. Ke5 $2 Bc3#) 46... Bc3+ 47. Ke7 Bb4+ 48. Kf6 Bc3+ $11)
45. Be6 Re5 46. Kf6 (46. Rf8) 46... Re2 47. Rf8 Kh7 48. Bf7 (48. Bg8+ Kh6 49.
Bd5 Kh7 50. Ra8 Bb6 51. d8=Q {Komodo13}) 48... Bc3+ 49. Kxg5 Bd2+ 50. Kh4 (50.
f4) 50... Rxf2 51. Kh3 (51. h3) 51... Bg5 52. d8=Q Bxd8 53. Rxd8 g5 54. Rd6 g4+
55. Kh4 Rxh2+ 56. Kg5 Rg2 57. Rd3 (57. Bg6+ Kg7 58. Rd7+ Kf8 59. Kf6 Re2 60.
Rd8+ Re8 61. Rxe8# {KOmodo13}) 57... Kg7 58. Be6 Re2 59. Bxf5 Re5 60. Kxg4 Kf6
61. Rf3 (61. Rd6+ Kf7 62. Kg5) 1-0

[Event "North Wales Congress Major"]
[Site "Llandudno"]
[Date "2019.06.23"]
[Round "4.14"]
[White "Doherty, Paul"]
[Black "Benson, Paul J"]
[Result "0-1"]
[WhiteElo "1738"]
[BlackElo "1849"]
[Annotator "kemen"]
[PlyCount "80"]
[EventDate "2019.??.??"]

{[%evp 0,80,19,30,72,47,95,19,14,-36,-18,-20,-5,-34,-10,-29,-25,-29,-10,-32,2,
-127,-172,-171,-128,-125,-118,-127,-123,-127,-148,-198,-170,-181,-152,-116,
-104,-115,-99,-153,-122,-174,-150,-129,-133,-114,-105,-148,-86,-87,-82,-87,-87,
-132,-136,-163,-128,-307,-164,-293,-154,-127,-160,-160,-122,-160,-124,-119,-67,
-78,-87,-111,-109,-107,-110,-98,-88,-127,-133,-125,-124,-29999,-30000]} 1. e4
c5 2. Nf3 g6 3. Bd3 {if Wh wishes to get in c3 & d4, then this could be played
immediately without the B move} Nc6 4. c3 Bg7 5. O-O (5. Bc2) 5... d5 {taking
advantage of Wh's move order} (5... d6) (5... Nf6 {main}) 6. h3 (6. Re1) 6...
e6 (6... Nf6 7. e5 Nd7 8. e6 fxe6 9. Ng5 Nde5 10. Bc2 O-O 11. f4 Bh6 12. d4
Bxg5 13. dxe5 Bh6 14. Qg4 Rf7 {Uta-Lengyel, Satu Mare Tasnad op 2013,0-1}) 7.
Re1 Nge7 8. Bc2 O-O 9. e5 (9. d3) 9... Nf5 10. g4 (10. d4 $14) 10... Nh4 $19
11. d3 Nxf3+ (11... f5) 12. Qxf3 Nxe5 $19 13. Qg3 Nc6 14. Ba4 Bd7 (14... e5)
15. Bxc6 Bxc6 16. Bf4 Qd7 (16... d4) 17. Bd6 Rfc8 (17... Rfe8) 18. Bxc5 d4 19.
cxd4 b6 20. Bb4 Bxd4 $19 21. Bc3 Qd5 22. Kh2 Bb5 (22... Bc5 $19) (22... Rd8)
23. Re4 Bxc3 24. Nxc3 Qxd3 25. Re3 Qc4 $15 26. h4 Bc6 27. h5 Rd8 28. Qe5 Qd4 (
28... Qxg4 $19) 29. Qg5 f6 $19 30. Qh4 g5 31. Qg3 Qd6 (31... e5) 32. Ne4 Bxe4
33. Rxe4 Qxg3+ 34. Kxg3 e5 (34... Kf7) 35. a4 (35. Rc1 $11) 35... Rd3+ 36. f3
Rc8 37. a5 b5 38. a6 Rc2 39. Rb4 Rdd2 (39... Rd5 $19) 40. f4 (40. Rg1) 40...
Rd3# 0-1

[Event "North Wales Congress Major"]
[Site "Llandudno"]
[Date "2019.06.23"]
[Round "4.21"]
[White "Williams, Duncan"]
[Black "Lee, James"]
[Result "1-0"]
[WhiteElo "1750"]
[BlackElo "1885"]
[Annotator "kemen"]
[PlyCount "49"]
[EventDate "2019.??.??"]

{[%evp 0,49,39,34,51,50,50,40,27,14,12,12,10,41,43,-11,-14,-3,17,17,20,-42,54,
45,45,19,16,-11,75,59,86,51,317,319,320,306,304,310,322,310,329,334,334,299,
310,300,340,344,355,286,360,356]} 1. e4 c5 2. Nf3 Nc6 3. Bc4 e6 4. O-O d5 (4...
a6) 5. exd5 exd5 6. Re1+ Be7 7. Bf1 (7. Bb5 {main}) 7... Bg4 (7... Nf6 {main,
1 draw,6 Bl wins}) 8. h3 {Komodo13} (8. d3 Nf6 9. Bg5 O-O 10. Nbd2 Re8 11. h3
Bh5 12. g4 Bg6 13. Ne5 Nxe5 14. Rxe5 Bd6 15. Rxe8+ Qxe8 16. Qe2 Qd7 17. f4 h6
18. f5 hxg5 19. fxg6 fxg6 20. Bg2 Re8 21. Qf3 Bf4 {Ribon Calabia-Keto,
Benidorm U2200 op , 2014,0-1}) 8... Bh5 (8... Bxf3 9. Qxf3 Nf6 $11) 9. g4 Bg6
10. Ne5 Qd6 11. Nxc6 bxc6 12. Qf3 (12. d3 $14) (12. Bg2 $14) 12... h5 13. g5 h4
14. d3 O-O-O 15. Bf4 $16 Bh5 $2 (15... Qd7) 16. Bxd6 $18 Bxf3 17. Bxe7 Re8 18.
Nd2 Nxe7 19. Nxf3 Ng6 20. Rxe8+ Rxe8 21. Re1 Rxe1 22. Nxe1 Kd7 23. Be2 Ke6 24.
Ng2 Ke5 25. Bh5 1-0

[Event "North Wales Congress Major"]
[Site "Llandudno"]
[Date "2019.06.23"]
[Round "4.22"]
[White "Cawston, M John"]
[Black "Taylor, Robert P"]
[Result "1/2-1/2"]
[WhiteElo "1813"]
[BlackElo "1673"]
[Annotator "kemen"]
[PlyCount "51"]
[EventDate "2019.??.??"]

{[%evp 0,51,19,28,15,25,60,29,29,-1,7,-12,-5,-67,-45,-43,-52,-23,-13,-23,-17,
-1,17,11,17,11,18,5,32,33,51,35,33,30,35,20,11,4,16,13,17,-40,-25,-25,-24,-24,
-24,-38,-24,-24,-30,-33,-24,-30]} 1. Nf3 d5 2. d4 c6 3. c4 Nf6 4. Qc2 (4. Nc3)
(4. e3) (4. cxd5) 4... Bg4 (4... g6) 5. Nbd2 (5. Ne5) 5... e6 6. g3 Nbd7 7. Bg2
Be7 8. O-O O-O 9. e4 (9. b3 {scores bettere}) 9... dxe4 10. Nxe4 Nxe4 11. Qxe4
Bf5 $146 (11... Nf6 {3-3}) 12. Qe2 Nf6 13. h3 Qa5 (13... h6) 14. Bd2 (14. Nh4
$14) 14... Qc7 (14... Qb6 15. Bc3 Ne4 $14) 15. Bf4 Bd6 16. Bxd6 (16. Ne5 $16)
16... Qxd6 17. Rfd1 Rad8 18. Nh4 Rfe8 (18... Qb4) 19. Qe5 Qb4 $11 20. Nxf5 exf5
21. Qc5 (21. Qxf5 Qxc4 $11) 21... Qxb2 22. Rab1 Qc2 (22... Qxa2) 23. Rbc1 $11
Qb2 24. Rb1 Qc2 25. Rbc1 Qb2 26. Rb1 1/2-1/2